000 00395nam a2200145Ia 4500
008 230917s9999||||xx |||||||||||||| ||und||
040 _e62485
_aMAIN
041 _aEnglish
082 _a810.9 S58V
100 _aSmith, Henry Nash
245 0 _aVirgin land: the America West as symbol and myth
260 _aCambridge
_bHarvard University Press
_c1976
300 _axviii, 305 p.
942 _cBK
999 _c185774
_d185774